|
|
|
|
| LEADER |
01666nam a2200421 a 4500 |
| 001 |
001189321 |
| 003 |
CZ BrMZK |
| 005 |
20120202135530.0 |
| 007 |
ta |
| 008 |
120111s2005 xxka e p 000 0 eng |
| 020 |
|
|
|q (Brož.)
|
| 040 |
|
|
|a BOA001
|b cze
|
| 072 |
|
7 |
|a 811.111
|x Angličtina
|2 Konspekt
|9 11
|
| 072 |
|
7 |
|a 37.016
|x Učební osnovy. Vyučovací předměty. Učebnice
|2 Konspekt
|9 22
|
| 080 |
|
|
|a 811.111
|2 MRF
|
| 080 |
|
|
|a 81'24:371.27
|2 MRF
|
| 080 |
|
|
|a (07.064)81
|2 MRF
|
| 080 |
|
|
|a (072)
|2 MRF
|
| 080 |
|
|
|a (079.1)
|2 MRF
|
| 245 |
0 |
0 |
|a Certificate of Proficiency in English :
|b handbook for teachers
|
| 246 |
3 |
|
|a CPE handbook
|
| 260 |
|
|
|a Cambridge :
|b University of Cambridge ESOL Examinations,
|c c2005
|
| 300 |
|
|
|a 70 s. :
|b il. ;
|c 30 cm
|
| 500 |
|
|
|a Název z obálky
|
| 500 |
|
|
|a "The Certificate of Proficiency in English is at level C2 of the Common European Framework of Reference for Languages: Learning, teaching, assessment published by Council of Europe"--S. 4 obálky
|
| 500 |
|
|
|a Část. tištěno napříč
|
| 650 |
0 |
7 |
|a angličtina
|7 ph114056
|2 czenas
|
| 650 |
0 |
7 |
|a jazykové zkoušky
|7 ph466388
|2 czenas
|
| 650 |
0 |
7 |
|a Certificate of Proficiency in English
|7 ph499654
|2 czenas
|
| 653 |
0 |
|
|a jazyková úroveň C2
|
| 655 |
|
7 |
|a jazykové učebnice, texty, příručky (C)
|7 fd600892
|2 czenas
|
| 655 |
|
7 |
|a metodické příručky
|7 fd132826
|2 czenas
|
| 655 |
|
7 |
|a testy
|7 fd133697
|2 czenas
|
| 710 |
2 |
|
|a Rada Evropy
|7 kn20010711370
|
| 910 |
2 |
|
|a BOA001
|b 4-1276.494
|
| 990 |
|
|
|a BK
|
| 991 |
|
|
|b 201201
|e n
|g 99
|
| 996 |
7 |
|
|b 2610498214
|c 4-1276.494
|d kniha
|l Anglická knihovna/2.patro
|r ZHR
|n 8
|p dar
|h XY
|w 001223081
|u 000010
|a 0
|e BOA001
|j MZK50
|s A
|